| 000 -LEADER |
| fixed length control field |
01126nam a22002417a 4500 |
| 003 - CONTROL NUMBER IDENTIFIER |
| control field |
OSt |
| 005 - DATE AND TIME OF LATEST TRANSACTION |
| control field |
20231213095410.0 |
| 008 - FIXED-LENGTH DATA ELEMENTS--GENERAL INFORMATION |
| fixed length control field |
230822b ||||| |||| 00| 0 eng d |
| 020 ## - INTERNATIONAL STANDARD BOOK NUMBER |
| International Standard Book Number |
9780357448519 |
| 040 ## - CATALOGING SOURCE |
| Transcribing agency |
KH8 |
| 082 ## - DEWEY DECIMAL CLASSIFICATION NUMBER |
| Classification number |
428.24 LEE |
| 100 ## - MAIN ENTRY--PERSONAL NAME |
| Personal name |
Lee, Christien, |
| Relator term |
author. |
| 245 ## - TITLE STATEMENT |
| Title |
Reflect Reading & Writing 4 / |
| Statement of responsibility, etc. |
Christien Lee |
| 250 ## - EDITION STATEMENT |
| Edition statement |
First edition |
| 260 ## - PUBLICATION, DISTRIBUTION, ETC. |
| Name of publisher, distributor, etc. |
Heinle ELT: |
| Date of publication, distribution, etc. |
2021. |
| 300 ## - PHYSICAL DESCRIPTION |
| Dimensions |
8.54 x 0.47 x 10.91 inches. |
| 440 ## - SERIES STATEMENT/ADDED ENTRY--TITLE |
| Title |
Reflect Reading & Writing |
| Number of part/section of a work |
4 |
| 520 ## - SUMMARY, ETC. |
| Summary, etc. |
Relatable, student-centered content combined with essential academic-skill instruction make the new six-level Reflect, First Edition series unique. As students interact with the engaging content, they not only master English, but also navigate their place in the world. Reflect builds students' confidence and helps them achieve their academic, professional, and personal goals. A clear framework of academic and critical thinking skills prepares students for future reading and writing success |
| 650 ## - SUBJECT ADDED ENTRY--TOPICAL TERM |
| Topical term or geographic name entry element |
English |
| Form subdivision |
Reading |
| 650 ## - SUBJECT ADDED ENTRY--TOPICAL TERM |
| Topical term or geographic name entry element |
English |
| Form subdivision |
Writing |
| 650 ## - SUBJECT ADDED ENTRY--TOPICAL TERM |
| Topical term or geographic name entry element |
English |
| Form subdivision |
Second language |
| 942 ## - ADDED ENTRY ELEMENTS (KOHA) |
| Source of classification or shelving scheme |
|
| Koha item type |
Teaching Resources |